| 000 | 00368nam a2200133Ia 4500 | ||
|---|---|---|---|
| 005 | 20260326100033.0 | ||
| 008 | 260326s9999||||xx |||||||||||||| ||und|| | ||
| 100 | _aGibberd, Frederick | ||
| 245 | 0 |
_aDiseño de núcleos Urbanos : _b Escenología y plástica / _cFrederick Gibberd |
|
| 260 | _bContemporánea | ||
| 300 | _a300 p. | ||
| 650 | _aDISEÑO URBANO | ||
| 942 | _cBK | ||
| 999 |
_c6698 _d6698 |
||